Red, White, and Blue U.S. State Flags - Statistics

General Stats
  • This quiz has been taken 89 times
  • The average score is 5 of 6
Answer Stats
Picture Answer % Correct
Texas
100%
Hawaii
88%
Ohio
81%
Wyoming
78%
Tennessee
77%
Arkansas
72%
No matching quizzes found
Score Distribution
Percent of People with Each Score
Percentile by Number Answered
Your Score History
You have not taken this quiz